ماجدولين أو تحت ظلال الزيزفون ;; Mājdūlīn, aw, Taḥta ẓilāl al-zayzafūn / (Record no. 78726)
[ view plain ]
| 000 -LEADER | |
|---|---|
| fixed length control field | 00856nam a2200229 a 4500 |
| 001 - CONTROL NUMBER | |
| control field | 78726 |
| 003 - CONTROL NUMBER IDENTIFIER | |
| rucl marc code | BD-RjUL |
| 005 - DATE AND TIME OF LATEST TRANSACTION | |
| control field | 20211209083151.0 |
| 008 - FIXED-LENGTH DATA ELEMENTS--GENERAL INFORMATION | |
| fixed length control field | 211109s1993 ua||||| |||| 00| e ara d |
| 020 ## - INTERNATIONAL STANDARD BOOK NUMBER | |
| International Standard Book Number | 9771108212 |
| 035 ## - SYSTEM CONTROL NUMBER | |
| System control number | (BD-RjUL) |
| 040 ## - CATALOGING SOURCE | |
| Original cataloging agency | BD-RjUL |
| Language of cataloging | eng |
| Transcribing agency | BD-RjUL |
| 041 ## - LANGUAGE CODE | |
| Language code of text/sound track or separate title | ara |
| 082 ## - DEWEY DECIMAL CLASSIFICATION NUMBER | |
| Edition number | 23 |
| Classification number | 892.73 |
| Author mark and year | MAM 1993 |
| 100 1# - MAIN ENTRY--PERSONAL NAME | |
| Personal name | منفلوطي، مصطفى لطفي، ;; Manfaluti, Mustafa Lotfi, |
| 9 (RLIN) | 249732 |
| 245 ## - TITLE STATEMENT | |
| Title | ماجدولين أو تحت ظلال الزيزفون ;; Mājdūlīn, aw, Taḥta ẓilāl al-zayzafūn / |
| Statement of responsibility, etc. | Muṣṭafá Luṭfī Manfalūṭī;; مصطفى لطفي المنفلوطي |
| 260 ## - PUBLICATION, DISTRIBUTION, ETC. (IMPRINT) | |
| Place of publication, distribution, etc. | al-Fajjālah : |
| Name of publisher, distributor, etc. | Maktabat Miṣr, |
| Date of publication, distribution, etc. | 1993 |
| 300 ## - PHYSICAL DESCRIPTION | |
| Pagination | 232 pages ; |
| Size | 23 cm. |
| 520 ## - SUMMARY, ETC. | |
| Summary, etc. | An adaptation of Alphonse Karr's Sous les tilleuls. |
| 650 ## - SUBJECT ADDED ENTRY--TOPICAL TERM | |
| Topical term or geographic name as entry element | Arabic Literature |
| Form subdivision | 621-1258 |
| 9 (RLIN) | 249733 |
| 942 ## - ADDED ENTRY ELEMENTS (KOHA) | |
| Source of classification or shelving scheme | Dewey Decimal Classification |
| Koha item type | Books |
| Lost status | Source of classification or shelving scheme | Damaged status | Not for loan | Collection code | Permanent Location | Current Location | Shelving location | Date acquired | Source of acquisition | Cost, normal purchase price | Total Checkouts | Full call number | Date last seen | Copy number | Koha item type |
|---|---|---|---|---|---|---|---|---|---|---|---|---|---|---|---|
| Dewey Decimal Classification | Not For Loan | Non-fiction | Central Library, University of Rajshahi | Central Library, University of Rajshahi | Reading Room | 17/11/2009 | Ahsania mission | 340.00 | A 892.73 MAM 1993 | 09/11/2021 | C-1 | Books |